000 00929nam a2200253 a 4500
001 000015951
003 DO-SdBNP
005 20241021150158.0
008 100222s1984 dr r 000 0 spa d
040 _aDO-SdBNP
_bspa
_cBNPHU
082 _a350
_bR426p
100 1 _aRepública Dominicana
_935843
245 1 0 _aProyecto de ley de servicio civil y carrera administrativa /
_cdirigida Raymundo Amaro Guzmán.
260 _aSanto Domingo :
_bONAP,
_c1984.
300 _a56 p. ;
_c21 cm.
490 1 _aLeyes y códigos dominicanos
_v4
650 4 _aFunción pública
_zRepública Dominicana
_917764
650 0 _aCarrera administrativa
_zRepública Dominicana
_935844
650 4 _aAdministración pública
_zRepública Dominicana
_93011
650 4 _aDerecho administrativo
_zRepública Dominicana
_91203
700 1 _aAmaro Guzmán, Raymundo
_edir.
_9656
830 0 _aLeyes y códigos dominicanos
_n4
_935845
942 _2ddc
_cLBS1
999 _c15493
_d15493